T. BOOK FOR ELECT. (Record no. 636)

MARC details
000 -LEADER
fixed length control field 00418nam a2200205Ia 4500
001 - CONTROL NUMBER
control field 000819
003 - CONTROL NUMBER IDENTIFIER
control field YMCAF
005 - DATE AND TIME OF LATEST TRANSACTION
control field 20230512160035.0
008 - FIXED-LENGTH DATA ELEMENTS--GENERAL INFORMATION
fixed length control field 100717s1971 ||||||||||||||||| ||und|d
024 ## - OTHER STANDARD IDENTIFIER
Standard number or code 819
035 ## - SYSTEM CONTROL NUMBER
System control number 801
040 ## - CATALOGING SOURCE
Original cataloging agency YMCAF
Language of cataloging eng
Transcribing agency IN-KoLT
041 ## - LANGUAGE CODE
Language code of text/sound track or separate title eng
082 ## - DEWEY DECIMAL CLASSIFICATION NUMBER
Classification number T.
Item number -BAH
100 ## - MAIN ENTRY--PERSONAL NAME
Personal name BAHREEP.C.
245 #0 - TITLE STATEMENT
Title T. BOOK FOR ELECT.
260 ## - PUBLICATION, DISTRIBUTION, ETC.
Date of publication, distribution, etc. 1971
300 ## - PHYSICAL DESCRIPTION
Extent 126
942 ## - ADDED ENTRY ELEMENTS (KOHA)
Source of classification or shelving scheme Dewey Decimal Classification
Koha item type Books
Holdings
Withdrawn status Lost status Damaged status Not for loan Home library Current library Date acquired Cost, normal purchase price Total Checkouts Barcode Date last seen Cost, replacement price Price effective from Koha item type Public note G
  Lost     JC Bose University of Science & Technology JC Bose University of Science & Technology 17/07/2010 6.00   801 12/05/2023 6.00 12/05/2023 Books C 3087